000 01215cam a2200337 a 4500
001 13861664
003 PILC
005 20160105083112.0
008 050204t20042000nyu 001 0 eng d
010 _a 2005295426
020 _a1400021022 (pbk.)
035 _a(OCoLC)ocm56407709
040 _aHT#
_cHT#
_dIUL
_dDLC
042 _alccopycat
050 0 0 _aPL 1129.E5
_b.H85 2004
082 0 0 _a495.1/82421
100 1 _aHumphries, Jennifer.
245 1 0 _aUltimate Mandarin Chinese :
_bbasic-intermediate /
_cwritten by Jennifer Humphries, Audrey Li, Cathy Wei ; edited by Christopher A. Warnasch
250 _aRev., updated ed.
260 _aNew York :
_bLiving Language,
_c2000.
300 _axix, 393 pages ;
_c23 cm.
500 _aIncludes index.
650 0 _aChinese language
_vTextbooks for foreign speakers
_xEnglish.
700 1 _aLi, Yen-hui Audrey,
_d1954-
700 1 _aWei, Cathy.
700 1 _aWarnasch, Christopher A.
856 4 2 _3Publisher description
_uhttp://www.loc.gov/catdir/enhancements/fy0810/2005295426-d.html
906 _a7
_bcbc
_ccopycat
_d2
_encip
_f20
_gy-gencatlg
942 _2lcc
_cBK
_kFOR
999 _c289031
_d289031